Roman to greek gods and goddesses - Statistics

General Stats
  • This quiz has been taken 551 times
  • The average score is 21 of 25
Answer Stats
Hint Answer % Correct
Jupiter Zeus
99%
Juno Hera
97%
Neptune Poseidon
97%
Venus Aphrodite
96%
Mars Ares
96%
Pluto Hades
94%
Minerva Athena
93%
Mercury Hermes
93%
Apollo Apollo
91%
Diana Artemis
90%
Cupid Eros
90%
Bacchus Dionysus
88%
Hercules Heracles
86%
Proserpina Persephone
86%
Vulcan Hephaestus
85%
Ceres Demeter
82%
Terra Gaia
80%
Vesta Hestia
80%
Faunus Pan
80%
Saturn Kronos
78%
Victoria Nike
70%
Luna Selene
66%
Juventas Hebe
53%
Somnus Hypnos
53%
Aesculapius Asclepius
34%
No matching quizzes found
Score Distribution
Percent of People with Each Score
Percentile by Number Answered
Your Score History
You have not taken this quiz